000 00601nam a2200229Ia 4500
003 OSt
005 20220918203803.0
006 a|||||r|||| 00| 0
007 ta
008 220917b |||||||| |||| 00| 0 eng d
024 _a109,817
037 _cTextual
040 _aARTS
_cARTS
_beng
041 _2eng
_aeng
082 _aV41:1:N1, K0-;2
100 _aTse-Tsung Chow
245 0 _aMay fourth movement
_b intellectual revolution in modern China
260 _c1960
650 _aHISTORY
942 _hV41:1:N1, K0-;2
_cTEXL
_2CC
999 _c233167
_d233167